The good health book : a guide to the origins and symptoms of illness and what you can do to get well and stay well /

Bibliographic Details
Main Author: Wyatt, David E.
Format: Book
Language:English
Published: Chicago : Nelson-Hall, [1981]
Subjects:

MARC

Tag First Indicator Second Indicator Subfields
LEADER 00000pam a2200000 a 4500
001 in00000084956
005 20151008054430.0
008 800729s1981 ilua 00110 engm
010 |a  80020456  
020 |a 0882294113 
020 |a 0882297694 (pbk.) 
035 |a (OCoLC)06626532 
035 |9 AAJ0645AM 
040 |a DLC  |c DLC  |d m.c.  |d TXA  |d UtOrBLW 
049 |a TXAM  |c [1361376] 
050 0 0 |a RC81  |b .W98 
082 0 |a 616  |2 19 
100 1 |a Wyatt, David E. 
245 1 4 |a The good health book :  |b a guide to the origins and symptoms of illness and what you can do to get well and stay well /  |c David E. Wyatt ; illustrations by Sally Pierone. 
264 1 |a Chicago :  |b Nelson-Hall,  |c [1981] 
264 4 |c ©1981 
300 |a xiii, 490 pages :  |b illustrations ;  |c 22 cm. 
336 |a text  |b txt  |2 rdacontent 
337 |a unmediated  |b n  |2 rdamedia 
338 |a volume  |b nc  |2 rdacarrier 
500 |a Includes index. 
650 0 |a Medicine, Popular. 
650 0 |a Health. 
999 |a MARS 
999 f f |s 2c2988fa-3dae-31b4-a082-def2a5248bc3  |i 81e0d452-7123-331d-a25c-5b32cf89e97d  |t 0 
952 f f |p ric  |a Texas A&M University  |b Rellis Campus  |c Joint Library Facility  |d Remote Storage  |t 0  |e RC81 .W98  |h Library of Congress classification  |i unmediated -- volume  |m A14806228881 
998 f f |a RC81 .W98  |t 0  |l Remote Storage